{"text_format":"1","workbook":"xlsx","n_sheets":5,"sheets":["new","A브랜드","B브랜드","C브랜드","D브랜드"],"not_rendered":{"charts":0,"images":0,"macros":1,"external_links":0,"defined_names":22,"comments":1,"pivot_tables":0},"unopened":[],"bounds":{"document_bytes":16777216,"sheet_cells":100000,"rows_first":2000,"rows_last":500,"rows_between":2000,"halvings":0,"cell_chars":16384,"cell_head_chars":4096},"cells_cut":0,"cells_raw":0,"read":"whole","date_system":"1900"}

{"sheet":"new","index":0,"n_rows":58,"n_cols":13,"rows_kept":58,"cut":false,"hidden":false,"merged":[[0,12,0,14]]}
[null,null,null,null,null,null,null,null,null,null,null,null,"Haja_Macro"]
["발 주 서"]
["발주자 : "]
["SUPPLIER","엑사남",null,null,"BRAND",null,null,null,null,null,null,"STYLE NO."]
["담당자","Haja",null,null,"담당 디자이너",null,null,null,null,null,null,"*"]
["전화번호/ 팩스번호","000-0000-0000",null,null,"DATE",null,"2021-09-09",null,null,null,null,"C브랜드"]
[" DELIVERY :","2021-10-14",null,null,"입고처",null,"추후통보"]
[]
["STYLE NO.","ITEM","SIZE","COLOR","Q'TY","UNIT","UNIT PRICE","AMOUNT(\\)","SHIPPING SAMPLE REQUEST","비고"]
["GHI","DNT-4034","56\"","CINDER",3813.0876000000007,"YD",567,2162538]
["GHI","DNT-4034","56\"","NAVY\n19-4011TCX",1188.9360000000001,"YD",477,3963393]
["GHI","DNT-4034","58\"","\"G\" MATCHING",1387.41,"YD",475,658825]
["GHI","DNT-4034","58\"","\"G\" MATCHING",432.6,"YD",330,997590]
["GHI","DNT-4034","60\"","BLACK",109.2,"YD",259,288267]
["GHI","DNT-4034","35MM","BLACK",80.4636,"YD",760,646000]
["GHI","DNT-4034","45MM","BLACK",865.2,"YD",709,6253380]
["GHI","DNT-4034","9\"","#391",2774.82,"EA",761,2111775]
["GHI","DNT-4034","9\"","#169",865.2,"EA",959,5797155]
["GHI","DNT-4034","10\"","#391 + H3",11099.28,"EA",339,3762561]
["GHI","DNT-4034","10\"","#169 + H3",3460.8,"EA",465,11243700]
["GHI","DNT-4034","5000M","90NZX",194.23740000000004,"CONE",998,222653800]
["GHI","DNT-4034","5000M","C7915 D/NAVY",60.564000000000007,"CONE",931,452884950]
["GHI","DNT-4034","5000M","90NZX",80.819999999999993,"CONE",445,41451750]
["GHI","DNT-4034","5000M","C7915 D/NAVY",25.2,"CONE",266,53838400]
["GHI","DNT-4034","16.8MM","\"G\" MATCHING",2774.82,"SET",228,633840]
["GHI","DNT-4034","16.8MM","\"G\" MATCHING",865.2,"SET",215,1300750]
["GHI","DNT-4034","24MM","D/SILVER",865.2,"EA",228,2010960]
["GHI","DNT-4034","M(116CM)","CINDER",51.5,"EA",343,17836]
["GHI","DNT-4034","L(120CM)","CINDER",405.82,"EA",163,66178]
["GHI","DNT-4034","XL(124CM)","CINDER",758.08,"EA",204,154632]
["GHI","DNT-4034","2XL(128CM)","CINDER",763.23,"EA",106,80878]
["GHI","DNT-4034","3XL(134CM)","CINDER",454.23,"EA",612,277848]
["GHI","DNT-4034","4XL(140CM)","CINDER",257.5,"EA",964,248712]
["GHI","DNT-4034","5XL(146CM)","CINDER",84.460000000000008,"EA",404,33936]
["GHI","DNT-4034","M(116CM)","D/NAVY",43.26,"EA",767,88972]
["GHI","DNT-4034","L(120CM)","D/NAVY",207.03,"EA",648,584496]
["GHI","DNT-4034","XL(124CM)","D/NAVY",250.29000000000002,"EA",848,1416160]
["GHI","DNT-4034","2XL(128CM)","D/NAVY",217.33,"EA",768,1266432]
["GHI","DNT-4034","3XL(134CM)","D/NAVY",104.03,"EA",170,166600]
["GHI","DNT-4034","4XL(140CM)","D/NAVY",43.26,"EA",774,424152]
["GHI","DNT-4034",null,"BLACK",865.2,"EA",221,1949220]
["GHI","DNT-4034","M","CINDER",55.000000000000007,"EA",680,37400]
["GHI","DNT-4034","L","CINDER",433.40000000000003,"EA",607,262831]
["GHI","DNT-4034","XL","CINDER",809.6,"EA",238,192780]
["GHI","DNT-4034","L",null,4.4000000000000004,"EA",914,18280]
["GHI","DNT-4034","XL",null,3.3000000000000003,"EA",764,15280]
["GHI","DNT-4034","2XL",null,1.1000000000000001,"EA",197,3940]
["GHI","DNT-4034",null,null,865.2,"EA",420,3688440]
["GHI","DNT-4034","43*62",null,8819.89,"EA",750,6615000]
["GHI","DNT-4034",null,null,8781.7800000000007,"EA",589,5172598]
["GHI","DNT-4034",null,null,38.11,"EA",112,4256]
["GHI","DNT-4034",null,null,865.2,"EA",841,7385662]
["GHI","DNT-4034",null,null,865.2,"EA",776,6844320]
["GHI","DNT-4034",null,null,865.2,"EA",699,0]
["GHI","DNT-4034",null,null,865.2,"EA",965,8474630]
["GHI","DNT-4034",null,null,865.2,"EA",604,5304328]
["GHI","DNT-4034",null,null,865.2,"EA",606,5321892]
["GHI","DNT-4034","43*60",null,882,"EA",null,0]

{"sheet":"A브랜드","index":1,"n_rows":47,"n_cols":16,"rows_kept":47,"cut":false,"hidden":false,"merged":[]}
["BRAND","STYLE NO.","ITEM","SIZE","Position(Korean)","Position","G.COLOR","COLOR","ORDER Q'TY","Net Con's","Loss","Con's","Q'TY","UNIT","UNIT PRICE","AMOUNT(\\)"]
["A 브랜드","ABC","STRING (KSC-ST-008) + TIP (NA-T02)","56\"","겉감","SHELL G","CINDER","CINDER",2694,1.3480000000000001,0.05,1.4154000000000002,3813.0876000000007,"YD",126,480564]
["A 브랜드","ABC","STRING (KSC-ST-008) + TIP (NA-T02)","56\"","겉감","SHELL G","D/NAVY","NAVY\n19-4011TCX",840,1.3480000000000001,0.05,1.4154000000000002,1188.9360000000001,"YD",412,3423308]
["A 브랜드","ABC","STRING (KSC-ST-008) + TIP (NA-T02)","58\"","주머니감","POCKETING","CINDER","\"G\" MATCHING",2694,0.5,0.03,0.51500000000000001,1387.41,"YD",110,152570]
["A 브랜드","ABC","STRING (KSC-ST-008) + TIP (NA-T02)","58\"","주머니감","POCKETING","D/NAVY","\"G\" MATCHING",840,0.5,0.03,0.51500000000000001,432.6,"YD",392,1185016]
["A 브랜드","ABC","STRING (KSC-ST-008) + TIP (NA-T02)","60\"","오비심지,몸판심지","INTERLINING","D/NAVY","BLACK",840,7.9000000000000001E-2,0.03,0.13,109.2,"YD",150,166950]
["A 브랜드","ABC","STRING (KSC-ST-008) + TIP (NA-T02)","35MM","오비보강벤놀","FRONT BANDROLL","D/NAVY","BLACK",840,9.2999999999999999E-2,0.03,9.579E-2,80.4636,"YD",763,648550]
["A 브랜드","ABC","STRING (KSC-ST-008) + TIP (NA-T02)","45MM","오비 이밴드","WAIST E-BAND","D/NAVY","BLACK",840,1,0.03,1.03,865.2,"YD",738,6509160]
["A 브랜드","ABC","STRING (KSC-ST-008) + TIP (NA-T02)","9\"","뎅고지퍼","FRONT ZIPPER","D/NAVY","#391",2694,1,0.03,1.03,2774.82,"EA",897,2489175]
["A 브랜드","ABC","STRING (KSC-ST-008) + TIP (NA-T02)","9\"","뎅고지퍼","FRONT ZIPPER","D/NAVY","#169",840,1,0.03,1.03,865.2,"EA",825,4987125]
["A 브랜드","ABC","STRING (KSC-ST-008) + TIP (NA-T02)","10\"","경사주머니,뒷주머니지퍼","SIDE, BACK PKT ZIPPER","D/NAVY","#391 + H3",2694,4,0.03,4.12,11099.28,"EA",390,4328610]
["A 브랜드","ABC","STRING (KSC-ST-008) + TIP (NA-T02)","10\"","경사주머니,뒷주머니지퍼","SIDE, BACK PKT ZIPPER","D/NAVY","#169 + H3",840,4,0.03,4.12,3460.8,"EA",298,7205640]
["A 브랜드","ABC","STRING (KSC-ST-008) + TIP (NA-T02)","5000M","봉사","THREAD","D/NAVY","90NZX",2694,7.0000000000000007E-2,0.03,7.2100000000000011E-2,194.23740000000004,"CONE",600,133860000]
["A 브랜드","ABC","STRING (KSC-ST-008) + TIP (NA-T02)","5000M","봉사","THREAD","D/NAVY","C7915 D/NAVY",840,7.0000000000000007E-2,0.03,7.2100000000000011E-2,60.564000000000007,"CONE",695,338082750]
["A 브랜드","ABC","STRING (KSC-ST-008) + TIP (NA-T02)","5000M","봉사","THREAD","D/NAVY","90NZX",2694,0.02,0.03,0.03,80.819999999999993,"CONE",702,65391300]
["A 브랜드","ABC","STRING (KSC-ST-008) + TIP (NA-T02)","5000M","봉사","THREAD","D/NAVY","C7915 D/NAVY",840,0.02,0.03,0.03,25.2,"CONE",176,35622400]
["A 브랜드","ABC","STRING (KSC-ST-008) + TIP (NA-T02)","16.8MM","앞여밈","FRONT OPENING","D/NAVY","\"G\" MATCHING",2694,1,0.03,1.03,2774.82,"SET",119,330820]
["A 브랜드","ABC","STRING (KSC-ST-008) + TIP (NA-T02)","16.8MM","앞여밈","FRONT OPENING","D/NAVY","\"G\" MATCHING",840,1,0.03,1.03,865.2,"SET",219,1324950]
["A 브랜드","ABC","STRING (KSC-ST-008) + TIP (NA-T02)","24MM","착우 상단 뒷요크","WEARER RIGHT TOP\nBACKYORK","D/NAVY","D/SILVER",840,1,0.03,1.03,865.2,"EA",871,7682220]
["A 브랜드","ABC","STRING (KSC-ST-008) + TIP (NA-T02)","M(116CM)","오비스트링","WAIST STRING","D/NAVY","CINDER",50,1,0.03,1.03,51.5,"EA",995,51740]
["A 브랜드","ABC","STRING (KSC-ST-008) + TIP (NA-T02)","L(120CM)","오비스트링","WAIST STRING","D/NAVY","CINDER",394,1,0.03,1.03,405.82,"EA",562,228172]
["A 브랜드","ABC","STRING (KSC-ST-008) + TIP (NA-T02)","XL(124CM)","오비스트링","WAIST STRING","D/NAVY","CINDER",736,1,0.03,1.03,758.08,"EA",728,551824]
["A 브랜드","ABC","STRING (KSC-ST-008) + TIP (NA-T02)","2XL(128CM)","오비스트링","WAIST STRING","D/NAVY","CINDER",741,1,0.03,1.03,763.23,"EA",244,186172]
["A 브랜드","ABC","STRING (KSC-ST-008) + TIP (NA-T02)","3XL(134CM)","오비스트링","WAIST STRING","D/NAVY","CINDER",441,1,0.03,1.03,454.23,"EA",985,447190]
["A 브랜드","ABC","STRING (KSC-ST-008) + TIP (NA-T02)","4XL(140CM)","오비스트링","WAIST STRING","D/NAVY","CINDER",250,1,0.03,1.03,257.5,"EA",785,202530]
["A 브랜드","ABC","STRING (KSC-ST-008) + TIP (NA-T02)","5XL(146CM)","오비스트링","WAIST STRING","D/NAVY","CINDER",82,1,0.03,1.03,84.460000000000008,"EA",180,15120]
["A 브랜드","ABC","STRING (KSC-ST-008) + TIP (NA-T02)","M(116CM)","오비스트링","WAIST STRING","D/NAVY","D/NAVY",42,1,0.03,1.03,43.26,"EA",143,16588]
["A 브랜드","ABC","STRING (KSC-ST-008) + TIP (NA-T02)","L(120CM)","오비스트링","WAIST STRING","D/NAVY","D/NAVY",201,1,0.03,1.03,207.03,"EA",316,285032]
["A 브랜드","ABC","STRING (KSC-ST-008) + TIP (NA-T02)","XL(124CM)","오비스트링","WAIST STRING","D/NAVY","D/NAVY",243,1,0.03,1.03,250.29000000000002,"EA",890,1486300]
["A 브랜드","ABC","STRING (KSC-ST-008) + TIP (NA-T02)","2XL(128CM)","오비스트링","WAIST STRING","D/NAVY","D/NAVY",211,1,0.03,1.03,217.33,"EA",864,1424736]
["A 브랜드","ABC","STRING (KSC-ST-008) + TIP (NA-T02)","3XL(134CM)","오비스트링","WAIST STRING","D/NAVY","D/NAVY",101,1,0.03,1.03,104.03,"EA",686,672280]
["A 브랜드","ABC","STRING (KSC-ST-008) + TIP (NA-T02)","4XL(140CM)","오비스트링","WAIST STRING","D/NAVY","D/NAVY",42,1,0.03,1.03,43.26,"EA",928,508544]
["A 브랜드","ABC","STRING (KSC-ST-008) + TIP (NA-T02)",null,"착좌 안쪽 주머니감","WEARER LEFT SIDE INSIDE POCKETING","D/NAVY","BLACK",840,1,0.03,1.03,865.2,"EA",563,4965660]
["A 브랜드","ABC","STRING (KSC-ST-008) + TIP (NA-T02)","M","착좌 안쪽 주머니감","WEARER LEFT SIDE INSIDE POCKETING","D/NAVY","CINDER",50,1,0.1,1.1000000000000001,55.000000000000007,"EA",468,25740]
["A 브랜드","ABC","STRING (KSC-ST-008) + TIP (NA-T02)","L","착좌 안쪽 00주머니감","WEARER LEFT SIDE INSIDE POCKETING","D/NAVY","CINDER",394,1,0.1,1.1000000000000001,433.40000000000003,"EA",638,276254]
["A 브랜드","ABC","STRING (KSC-ST-008) + TIP (NA-T02)","XL","착좌 안쪽 주머니감","WEARER LEFT SIDE INSIDE POCKETING","D/NAVY","CINDER",736,1,0.1,1.1000000000000001,809.6,"EA",305,247050]
["A 브랜드","ABC","STRING (KSC-ST-008) + TIP (NA-T02)","2XL","착좌 안쪽 주머니감","WEARER LEFT SIDE INSIDE POCKETING","D/NAVY","CINDER",741,1,0.1,1.1000000000000001,815.1,"EA",539,439285]
["A 브랜드","ABC","STRING (KSC-ST-008) + TIP (NA-T02)","3XL","착좌 안쪽 주머니감","WEARER LEFT SIDE INSIDE POCKETING","D/NAVY","CINDER",441,1,0.1,1.1000000000000001,485.1,"EA",468,226980]
["A 브랜드","ABC","STRING (KSC-ST-008) + TIP (NA-T02)","4XL","착좌 안쪽 주머니감","WEARER LEFT SIDE INSIDE POCKETING","D/NAVY","CINDER",250,1,0.1,1.1000000000000001,275,"EA",533,146575]
["A 브랜드","ABC","STRING (KSC-ST-008) + TIP (NA-T02)","5XL","착좌 안쪽 주머니감","WEARER LEFT SIDE INSIDE POCKETING","D/NAVY","CINDER",82,1,0.1,1.1000000000000001,90.2,"EA",790,71100]
["A 브랜드","ABC","STRING (KSC-ST-008) + TIP (NA-T02)","M","착좌 안쪽 주머니감","WEARER LEFT SIDE INSIDE POCKETING","D/NAVY","BLACK",42,1,0.1,1.1000000000000001,46.2,"EA",744,92256]
["A 브랜드","ABC","STRING (KSC-ST-008) + TIP (NA-T02)","L","착좌 안쪽 주머니감","WEARER LEFT SIDE INSIDE POCKETING","D/NAVY","BLACK",201,1,0.1,1.1000000000000001,221.10000000000002,"EA",538,518632]
["A 브랜드","ABC","STRING (KSC-ST-008) + TIP (NA-T02)","XL","착좌 안쪽 주머니감","WEARER LEFT SIDE INSIDE POCKETING","D/NAVY","BLACK",243,1,0.1,1.1000000000000001,267.3,"EA",669,1192827]
["A 브랜드","ABC","STRING (KSC-ST-008) + TIP (NA-T02)","2XL","착좌 안쪽 주머니감","WEARER LEFT SIDE INSIDE POCKETING","D/NAVY","BLACK",211,1,0.1,1.1000000000000001,232.10000000000002,"EA",446,785406]
["A 브랜드","ABC","STRING (KSC-ST-008) + TIP (NA-T02)","3XL","착좌 안쪽 주머니감","WEARER LEFT SIDE INSIDE POCKETING","D/NAVY","BLACK",101,1,0.1,1.1000000000000001,111.10000000000001,"EA",860,899560]
["A 브랜드","ABC","STRING (KSC-ST-008) + TIP (NA-T02)","4XL","착좌 안쪽 주머니감","WEARER LEFT SIDE INSIDE POCKETING","D/NAVY","BLACK",42,1,0.1,1.1000000000000001,46.2,"EA",285,166725]
["G.TTL",null,null,null,null,null,null,null,null,null,null,null,null,null,null,671327934]

{"sheet":"B브랜드","index":2,"n_rows":40,"n_cols":16,"rows_kept":40,"cut":false,"hidden":false,"merged":[]}
["BRAND","STYLE NO.","ITEM","SIZE","Position(Korean)","Position","G.COLOR","COLOR","ORDER Q'TY","Net Con's","Loss","Con's","Q'TY","UNIT","UNIT PRICE","AMOUNT(\\)"]
["B 브랜드","DEF","MESH E-BAND","45MM","오비 이밴드","WAIST E-BAND","D/NAVY","BLACK",840,1,0.03,1.03,865.2,"YD",733,6465060]
["B 브랜드","DEF","MESH E-BAND","9\"","뎅고지퍼","FRONT ZIPPER","D/NAVY","#391",2694,1,0.03,1.03,2774.82,"EA",527,1462425]
["B 브랜드","DEF","MESH E-BAND","9\"","뎅고지퍼","FRONT ZIPPER","D/NAVY","#169",840,1,0.03,1.03,865.2,"EA",864,5222880]
["B 브랜드","DEF","MESH E-BAND","10\"","경사주머니,뒷주머니지퍼","SIDE, BACK PKT ZIPPER","D/NAVY","#391 + H3",2694,4,0.03,4.12,11099.28,"EA",874,9700526]
["B 브랜드","DEF","MESH E-BAND","10\"","경사주머니,뒷주머니지퍼","SIDE, BACK PKT ZIPPER","D/NAVY","#169 + H3",840,4,0.03,4.12,3460.8,"EA",834,20166120]
["B 브랜드","DEF","MESH E-BAND","5000M","봉사","THREAD","D/NAVY","90NZX",2694,7.0000000000000007E-2,0.03,7.2100000000000011E-2,194.23740000000004,"CONE",535,119358500]
["B 브랜드","DEF","MESH E-BAND","5000M","봉사","THREAD","D/NAVY","C7915 D/NAVY",840,7.0000000000000007E-2,0.03,7.2100000000000011E-2,60.564000000000007,"CONE",800,389160000]
["B 브랜드","DEF","MESH E-BAND","5000M","봉사","THREAD","D/NAVY","90NZX",2694,0.02,0.03,0.03,80.819999999999993,"CONE",111,10339650]
["B 브랜드","DEF","MESH E-BAND","5000M","봉사","THREAD","D/NAVY","C7915 D/NAVY",840,0.02,0.03,0.03,25.2,"CONE",173,35015200]
["B 브랜드","DEF","MESH E-BAND","16.8MM","앞여밈","FRONT OPENING","D/NAVY","\"G\" MATCHING",2694,1,0.03,1.03,2774.82,"SET",918,2552040]
["B 브랜드","DEF","MESH E-BAND","16.8MM","앞여밈","FRONT OPENING","D/NAVY","\"G\" MATCHING",840,1,0.03,1.03,865.2,"SET",232,1403600]
["B 브랜드","DEF","MESH E-BAND","24MM","착우 상단 뒷요크","WEARER RIGHT TOP\nBACKYORK","D/NAVY","D/SILVER",840,1,0.03,1.03,865.2,"EA",973,8581860]
["B 브랜드","DEF","MESH E-BAND","M(116CM)","오비스트링","WAIST STRING","D/NAVY","CINDER",50,1,0.03,1.03,51.5,"EA",1000,52000]
["B 브랜드","DEF","MESH E-BAND","L(120CM)","오비스트링","WAIST STRING","D/NAVY","CINDER",394,1,0.03,1.03,405.82,"EA",565,229390]
["B 브랜드","DEF","MESH E-BAND","XL(124CM)","오비스트링","WAIST STRING","D/NAVY","CINDER",736,1,0.03,1.03,758.08,"EA",560,424480]
["B 브랜드","DEF","MESH E-BAND","2XL(128CM)","오비스트링","WAIST STRING","D/NAVY","CINDER",741,1,0.03,1.03,763.23,"EA",502,383026]
["B 브랜드","DEF","MESH E-BAND","3XL(134CM)","오비스트링","WAIST STRING","D/NAVY","CINDER",441,1,0.03,1.03,454.23,"EA",707,320978]
["B 브랜드","DEF","MESH E-BAND","4XL(140CM)","오비스트링","WAIST STRING","D/NAVY","CINDER",250,1,0.03,1.03,257.5,"EA",825,212850]
["B 브랜드","DEF","MESH E-BAND","5XL(146CM)","오비스트링","WAIST STRING","D/NAVY","CINDER",82,1,0.03,1.03,84.460000000000008,"EA",530,44520]
["B 브랜드","DEF","MESH E-BAND","M(116CM)","오비스트링","WAIST STRING","D/NAVY","D/NAVY",42,1,0.03,1.03,43.26,"EA",368,42688]
["B 브랜드","DEF","MESH E-BAND","L(120CM)","오비스트링","WAIST STRING","D/NAVY","D/NAVY",201,1,0.03,1.03,207.03,"EA",929,837958]
["B 브랜드","DEF","MESH E-BAND","XL(124CM)","오비스트링","WAIST STRING","D/NAVY","D/NAVY",243,1,0.03,1.03,250.29000000000002,"EA",346,577820]
["B 브랜드","DEF","MESH E-BAND","2XL(128CM)","오비스트링","WAIST STRING","D/NAVY","D/NAVY",211,1,0.03,1.03,217.33,"EA",343,565607]
["B 브랜드","DEF","MESH E-BAND","3XL(134CM)","오비스트링","WAIST STRING","D/NAVY","D/NAVY",101,1,0.03,1.03,104.03,"EA",592,580160]
["B 브랜드","DEF","MESH E-BAND","4XL(140CM)","오비스트링","WAIST STRING","D/NAVY","D/NAVY",42,1,0.03,1.03,43.26,"EA",569,311812]
["B 브랜드","DEF","MESH E-BAND",null,"착좌 안쪽 주머니감","WEARER LEFT SIDE INSIDE POCKETING","D/NAVY","BLACK",840,1,0.03,1.03,865.2,"EA",794,7003080]
["B 브랜드","DEF","MESH E-BAND","M","착좌 안쪽 주머니감","WEARER LEFT SIDE INSIDE POCKETING","D/NAVY","CINDER",50,1,0.1,1.1000000000000001,55.000000000000007,"EA",413,22715]
["B 브랜드","DEF","MESH E-BAND","L","착좌 안쪽 00주머니감","WEARER LEFT SIDE INSIDE POCKETING","D/NAVY","CINDER",394,1,0.1,1.1000000000000001,433.40000000000003,"EA",934,404422]
["B 브랜드","DEF","MESH E-BAND","XL","착좌 안쪽 주머니감","WEARER LEFT SIDE INSIDE POCKETING","D/NAVY","CINDER",736,1,0.1,1.1000000000000001,809.6,"EA",721,584010]
["B 브랜드","DEF","MESH E-BAND","2XL","착좌 안쪽 주머니감","WEARER LEFT SIDE INSIDE POCKETING","D/NAVY","CINDER",741,1,0.1,1.1000000000000001,815.1,"EA",759,618585]
["B 브랜드","DEF","MESH E-BAND","3XL","착좌 안쪽 주머니감","WEARER LEFT SIDE INSIDE POCKETING","D/NAVY","CINDER",441,1,0.1,1.1000000000000001,485.1,"EA",598,290030]
["B 브랜드","DEF","MESH E-BAND","4XL","착좌 안쪽 주머니감","WEARER LEFT SIDE INSIDE POCKETING","D/NAVY","CINDER",250,1,0.1,1.1000000000000001,275,"EA",197,54175]
["B 브랜드","DEF","MESH E-BAND","5XL","착좌 안쪽 주머니감","WEARER LEFT SIDE INSIDE POCKETING","D/NAVY","CINDER",82,1,0.1,1.1000000000000001,90.2,"EA",924,83160]
["B 브랜드","DEF","MESH E-BAND","M","착좌 안쪽 주머니감","WEARER LEFT SIDE INSIDE POCKETING","D/NAVY","BLACK",42,1,0.1,1.1000000000000001,46.2,"EA",265,32860]
["B 브랜드","DEF","MESH E-BAND","L","착좌 안쪽 주머니감","WEARER LEFT SIDE INSIDE POCKETING","D/NAVY","BLACK",201,1,0.1,1.1000000000000001,221.10000000000002,"EA",840,809760]
["B 브랜드","DEF","MESH E-BAND","XL","착좌 안쪽 주머니감","WEARER LEFT SIDE INSIDE POCKETING","D/NAVY","BLACK",243,1,0.1,1.1000000000000001,267.3,"EA",474,845142]
["B 브랜드","DEF","MESH E-BAND","2XL","착좌 안쪽 주머니감","WEARER LEFT SIDE INSIDE POCKETING","D/NAVY","BLACK",211,1,0.1,1.1000000000000001,232.10000000000002,"EA",350,616350]
["B 브랜드","DEF","MESH E-BAND","43*60",null,null,"D/NAVY",null,840,1,0.03,1.05,882,"EA",null,0]
["G.TTL",null,null,null,null,null,null,null,null,null,null,null,null,null,null,680733437]

{"sheet":"C브랜드","index":3,"n_rows":51,"n_cols":16,"rows_kept":51,"cut":false,"hidden":false,"merged":[]}
["BRAND","STYLE NO.","ITEM","SIZE","Position(Korean)","Position","G.COLOR","COLOR","ORDER Q'TY","Net Con's","Loss","Con's","Q'TY","UNIT","UNIT PRICE","AMOUNT(\\)"]
["C 브랜드","GHI","DNT-4034","56\"","겉감","SHELL G","CINDER","CINDER",2694,1.3480000000000001,0.05,1.4154000000000002,3813.0876000000007,"YD",567,2162538]
["C 브랜드","GHI","DNT-4034","56\"","겉감","SHELL G","D/NAVY","NAVY\n19-4011TCX",840,1.3480000000000001,0.05,1.4154000000000002,1188.9360000000001,"YD",477,3963393]
["C 브랜드","GHI","DNT-4034","58\"","주머니감","POCKETING","CINDER","\"G\" MATCHING",2694,0.5,0.03,0.51500000000000001,1387.41,"YD",475,658825]
["C 브랜드","GHI","DNT-4034","58\"","주머니감","POCKETING","D/NAVY","\"G\" MATCHING",840,0.5,0.03,0.51500000000000001,432.6,"YD",330,997590]
["C 브랜드","GHI","DNT-4034","60\"","오비심지,몸판심지","INTERLINING","D/NAVY","BLACK",840,7.9000000000000001E-2,0.03,0.13,109.2,"YD",259,288267]
["C 브랜드","GHI","DNT-4034","35MM","오비보강벤놀","FRONT BANDROLL","D/NAVY","BLACK",840,9.2999999999999999E-2,0.03,9.579E-2,80.4636,"YD",760,646000]
["C 브랜드","GHI","DNT-4034","45MM","오비 이밴드","WAIST E-BAND","D/NAVY","BLACK",840,1,0.03,1.03,865.2,"YD",709,6253380]
["C 브랜드","GHI","DNT-4034","9\"","뎅고지퍼","FRONT ZIPPER","D/NAVY","#391",2694,1,0.03,1.03,2774.82,"EA",761,2111775]
["C 브랜드","GHI","DNT-4034","9\"","뎅고지퍼","FRONT ZIPPER","D/NAVY","#169",840,1,0.03,1.03,865.2,"EA",959,5797155]
["C 브랜드","GHI","DNT-4034","10\"","경사주머니,뒷주머니지퍼","SIDE, BACK PKT ZIPPER","D/NAVY","#391 + H3",2694,4,0.03,4.12,11099.28,"EA",339,3762561]
["C 브랜드","GHI","DNT-4034","10\"","경사주머니,뒷주머니지퍼","SIDE, BACK PKT ZIPPER","D/NAVY","#169 + H3",840,4,0.03,4.12,3460.8,"EA",465,11243700]
["C 브랜드","GHI","DNT-4034","5000M","봉사","THREAD","D/NAVY","90NZX",2694,7.0000000000000007E-2,0.03,7.2100000000000011E-2,194.23740000000004,"CONE",998,222653800]
["C 브랜드","GHI","DNT-4034","5000M","봉사","THREAD","D/NAVY","C7915 D/NAVY",840,7.0000000000000007E-2,0.03,7.2100000000000011E-2,60.564000000000007,"CONE",931,452884950]
["C 브랜드","GHI","DNT-4034","5000M","봉사","THREAD","D/NAVY","90NZX",2694,0.02,0.03,0.03,80.819999999999993,"CONE",445,41451750]
["C 브랜드","GHI","DNT-4034","5000M","봉사","THREAD","D/NAVY","C7915 D/NAVY",840,0.02,0.03,0.03,25.2,"CONE",266,53838400]
["C 브랜드","GHI","DNT-4034","16.8MM","앞여밈","FRONT OPENING","D/NAVY","\"G\" MATCHING",2694,1,0.03,1.03,2774.82,"SET",228,633840]
["C 브랜드","GHI","DNT-4034","16.8MM","앞여밈","FRONT OPENING","D/NAVY","\"G\" MATCHING",840,1,0.03,1.03,865.2,"SET",215,1300750]
["C 브랜드","GHI","DNT-4034","24MM","착우 상단 뒷요크","WEARER RIGHT TOP\nBACKYORK","D/NAVY","D/SILVER",840,1,0.03,1.03,865.2,"EA",228,2010960]
["C 브랜드","GHI","DNT-4034","M(116CM)","오비스트링","WAIST STRING","D/NAVY","CINDER",50,1,0.03,1.03,51.5,"EA",343,17836]
["C 브랜드","GHI","DNT-4034","L(120CM)","오비스트링","WAIST STRING","D/NAVY","CINDER",394,1,0.03,1.03,405.82,"EA",163,66178]
["C 브랜드","GHI","DNT-4034","XL(124CM)","오비스트링","WAIST STRING","D/NAVY","CINDER",736,1,0.03,1.03,758.08,"EA",204,154632]
["C 브랜드","GHI","DNT-4034","2XL(128CM)","오비스트링","WAIST STRING","D/NAVY","CINDER",741,1,0.03,1.03,763.23,"EA",106,80878]
["C 브랜드","GHI","DNT-4034","3XL(134CM)","오비스트링","WAIST STRING","D/NAVY","CINDER",441,1,0.03,1.03,454.23,"EA",612,277848]
["C 브랜드","GHI","DNT-4034","4XL(140CM)","오비스트링","WAIST STRING","D/NAVY","CINDER",250,1,0.03,1.03,257.5,"EA",964,248712]
["C 브랜드","GHI","DNT-4034","5XL(146CM)","오비스트링","WAIST STRING","D/NAVY","CINDER",82,1,0.03,1.03,84.460000000000008,"EA",404,33936]
["C 브랜드","GHI","DNT-4034","M(116CM)","오비스트링","WAIST STRING","D/NAVY","D/NAVY",42,1,0.03,1.03,43.26,"EA",767,88972]
["C 브랜드","GHI","DNT-4034","L(120CM)","오비스트링","WAIST STRING","D/NAVY","D/NAVY",201,1,0.03,1.03,207.03,"EA",648,584496]
["C 브랜드","GHI","DNT-4034","XL(124CM)","오비스트링","WAIST STRING","D/NAVY","D/NAVY",243,1,0.03,1.03,250.29000000000002,"EA",848,1416160]
["C 브랜드","GHI","DNT-4034","2XL(128CM)","오비스트링","WAIST STRING","D/NAVY","D/NAVY",211,1,0.03,1.03,217.33,"EA",768,1266432]
["C 브랜드","GHI","DNT-4034","3XL(134CM)","오비스트링","WAIST STRING","D/NAVY","D/NAVY",101,1,0.03,1.03,104.03,"EA",170,166600]
["C 브랜드","GHI","DNT-4034","4XL(140CM)","오비스트링","WAIST STRING","D/NAVY","D/NAVY",42,1,0.03,1.03,43.26,"EA",774,424152]
["C 브랜드","GHI","DNT-4034",null,"착좌 안쪽 주머니감","WEARER LEFT SIDE INSIDE POCKETING","D/NAVY","BLACK",840,1,0.03,1.03,865.2,"EA",221,1949220]
["C 브랜드","GHI","DNT-4034","M","착좌 안쪽 주머니감","WEARER LEFT SIDE INSIDE POCKETING","D/NAVY","CINDER",50,1,0.1,1.1000000000000001,55.000000000000007,"EA",680,37400]
["C 브랜드","GHI","DNT-4034","L","착좌 안쪽 00주머니감","WEARER LEFT SIDE INSIDE POCKETING","D/NAVY","CINDER",394,1,0.1,1.1000000000000001,433.40000000000003,"EA",607,262831]
["C 브랜드","GHI","DNT-4034","XL","착좌 안쪽 주머니감","WEARER LEFT SIDE INSIDE POCKETING","D/NAVY","CINDER",736,1,0.1,1.1000000000000001,809.6,"EA",238,192780]
["C 브랜드","GHI","DNT-4034","L","착좌 안쪽 주머니감","WEARER LEFT SIDE INSIDE POCKETING","D/NAVY",null,4,1,0.1,1.1000000000000001,4.4000000000000004,"EA",914,18280]
["C 브랜드","GHI","DNT-4034","XL","착좌 안쪽 주머니감","WEARER LEFT SIDE INSIDE POCKETING","D/NAVY",null,3,1,0.1,1.1000000000000001,3.3000000000000003,"EA",764,15280]
["C 브랜드","GHI","DNT-4034","2XL","착좌 안쪽 주머니감","WEARER LEFT SIDE INSIDE POCKETING","D/NAVY",null,1,1,0.1,1.1000000000000001,1.1000000000000001,"EA",197,3940]
["C 브랜드","GHI","DNT-4034",null,"착좌 안쪽 주머니감","WEARER LEFT SIDE INSIDE POCKETING","D/NAVY",null,840,1,0.03,1.03,865.2,"EA",420,3688440]
["C 브랜드","GHI","DNT-4034","43*62","폴리백",null,"D/NAVY",null,8563,1,0.03,1.03,8819.89,"EA",750,6615000]
["C 브랜드","GHI","DNT-4034",null,"메인택",null,"D/NAVY",null,8526,1,0.03,1.03,8781.7800000000007,"EA",589,5172598]
["C 브랜드","GHI","DNT-4034",null,"메인택 (홍콩)",null,"D/NAVY",null,37,1,0.03,1.03,38.11,"EA",112,4256]
["C 브랜드","GHI","DNT-4034",null,"가격택",null,"D/NAVY",null,840,1,0.03,1.03,865.2,"EA",841,7385662]
["C 브랜드","GHI","DNT-4034",null,"택고리",null,"D/NAVY",null,840,1,0.03,1.03,865.2,"EA",776,6844320]
["C 브랜드","GHI","DNT-4034",null,"사이즈스티커",null,"D/NAVY",null,840,1,0.03,1.03,865.2,"EA",699,0]
["C 브랜드","GHI","DNT-4034",null,"합격증택",null,"D/NAVY",null,840,1,0.03,1.03,865.2,"EA",965,8474630]
["C 브랜드","GHI","DNT-4034",null,"핏 택",null,"D/NAVY",null,840,1,0.03,1.03,865.2,"EA",604,5304328]
["C 브랜드","GHI","DNT-4034",null,"기능택",null,"D/NAVY",null,840,1,0.03,1.03,865.2,"EA",606,5321892]
["C 브랜드","GHI","DNT-4034","43*60",null,null,"D/NAVY",null,840,1,0.03,1.05,882,"EA",null,0]
["C 브랜드",null,null,null,null,null,null,null,null,null,null,null,null,null,null,872434111]

{"sheet":"D브랜드","index":4,"n_rows":31,"n_cols":16,"rows_kept":31,"cut":false,"hidden":false,"merged":[]}
["BRAND","STYLE NO.","ITEM","SIZE","Position(Korean)","Position","G.COLOR","COLOR","ORDER Q'TY","Net Con's","Loss","Con's","Q'TY","UNIT","UNIT PRICE","AMOUNT(\\)"]
["D 브랜드","HGT","STRING (KSC-ST-008) + TIP (NA-T02)","60\"","오비심지,몸판심지","INTERLINING","D/NAVY","BLACK",840,7.9000000000000001E-2,0.03,0.13,{"$f":"L2*I2","v":109.2},"YD",654,727902]
["D 브랜드","HGT","STRING (KSC-ST-008) + TIP (NA-T02)","35MM","오비보강벤놀","FRONT BANDROLL","D/NAVY","BLACK",840,9.2999999999999999E-2,0.03,{"$f":"J3*1.03","v":9.579E-2},80.4636,"YD",554,470900]
["D 브랜드","HGT","STRING (KSC-ST-008) + TIP (NA-T02)","45MM","오비 이밴드","WAIST E-BAND","D/NAVY","BLACK",840,1,0.03,1.03,865.2,"YD",341,3007620]
["D 브랜드","HGT","STRING (KSC-ST-008) + TIP (NA-T02)","9\"","뎅고지퍼","FRONT ZIPPER","D/NAVY","#391",2694,1,0.03,1.03,2774.82,"EA",121,335775]
["D 브랜드","HGT","STRING (KSC-ST-008) + TIP (NA-T02)","9\"","뎅고지퍼","FRONT ZIPPER","D/NAVY","#169",840,1,0.03,{"$f":"J6*1.03","v":1.03},865.2,"EA",349,2109705]
["D 브랜드","HGT","STRING (KSC-ST-008) + TIP (NA-T02)","10\"","경사주머니,뒷주머니지퍼","SIDE, BACK PKT ZIPPER","D/NAVY","#391 + H3",2694,4,0.03,4.12,11099.28,"EA",584,6481816]
["D 브랜드","HGT","STRING (KSC-ST-008) + TIP (NA-T02)","10\"","경사주머니,뒷주머니지퍼","SIDE, BACK PKT ZIPPER","D/NAVY","#169 + H3",840,4,0.03,4.12,3460.8,"EA",585,14145300]
["D 브랜드","HGT","STRING (KSC-ST-008) + TIP (NA-T02)","5000M","봉사","THREAD","D/NAVY","90NZX",2694,7.0000000000000007E-2,0.03,7.2100000000000011E-2,194.23740000000004,"CONE",936,208821600]
["D 브랜드","HGT","STRING (KSC-ST-008) + TIP (NA-T02)","3XL(134CM)","오비스트링","WAIST STRING","D/NAVY","D/NAVY",101,1,0.03,1.03,104.03,"EA",724,709520]
["D 브랜드","HGT","STRING (KSC-ST-008) + TIP (NA-T02)","4XL(140CM)","오비스트링","WAIST STRING","D/NAVY","D/NAVY",42,1,0.03,1.03,43.26,"EA",144,78912]
["D 브랜드","HGT","STRING (KSC-ST-008) + TIP (NA-T02)",null,"착좌 안쪽 주머니감","WEARER LEFT SIDE INSIDE POCKETING","D/NAVY","BLACK",840,1,0.03,1.03,865.2,"EA",685,6041700]
["D 브랜드","HGT","STRING (KSC-ST-008) + TIP (NA-T02)","2XL","착좌 안쪽 주머니감","WEARER LEFT SIDE INSIDE POCKETING","D/NAVY","BLACK",211,1,0.1,{"$f":"J13*1.1","v":1.1000000000000001},232.10000000000002,"EA",374,658614]
["D 브랜드","HGT","STRING (KSC-ST-008) + TIP (NA-T02)","3XL","착좌 안쪽 주머니감","WEARER LEFT SIDE INSIDE POCKETING","D/NAVY","BLACK",101,1,0.1,1.1000000000000001,111.10000000000001,"EA",358,374468]
["D 브랜드","HGT","STRING (KSC-ST-008) + TIP (NA-T02)","4XL","착좌 안쪽 주머니감","WEARER LEFT SIDE INSIDE POCKETING","D/NAVY","BLACK",42,1,0.1,1.1000000000000001,46.2,"EA",458,267930]
["D 브랜드","HGT","STRING (KSC-ST-008) + TIP (NA-T02)","M","착좌 안쪽 주머니감","WEARER LEFT SIDE INSIDE POCKETING","D/NAVY",null,4,1,0.1,{"$f":"J16*1.1","v":1.1000000000000001},4.4000000000000004,"EA",816,16320]
["D 브랜드","HGT","STRING (KSC-ST-008) + TIP (NA-T02)","L","착좌 안쪽 주머니감","WEARER LEFT SIDE INSIDE POCKETING","D/NAVY",null,4,1,0.1,{"$f":"J17*1.1","v":1.1000000000000001},4.4000000000000004,"EA",393,7860]
["D 브랜드","HGT","STRING (KSC-ST-008) + TIP (NA-T02)","XL","착좌 안쪽 주머니감","WEARER LEFT SIDE INSIDE POCKETING","D/NAVY",null,3,1,0.1,1.1000000000000001,3.3000000000000003,"EA",236,4720]
["D 브랜드","HGT","STRING (KSC-ST-008) + TIP (NA-T02)","2XL","착좌 안쪽 주머니감","WEARER LEFT SIDE INSIDE POCKETING","D/NAVY",null,1,1,0.1,1.1000000000000001,1.1000000000000001,"EA",897,17940]
["D 브랜드","HGT","STRING (KSC-ST-008) + TIP (NA-T02)",null,"착좌 안쪽 주머니감","WEARER LEFT SIDE INSIDE POCKETING","D/NAVY",null,840,1,0.03,{"$f":"J20*1.03","v":1.03},865.2,"EA",975,8562450]
["D 브랜드","HGT","STRING (KSC-ST-008) + TIP (NA-T02)","43*62","폴리백",null,"D/NAVY",null,8563,1,0.03,1.03,8819.89,"EA",300,2646000]
["D 브랜드","HGT","STRING (KSC-ST-008) + TIP (NA-T02)",null,"메인택",null,"D/NAVY",null,8526,1,0.03,1.03,{"$f":"L22*I22","v":8781.7800000000007},"EA",325,2854150]
["D 브랜드","HGT","STRING (KSC-ST-008) + TIP (NA-T02)",null,"메인택 (홍콩)",null,"D/NAVY",null,37,1,0.03,1.03,{"$f":"L23*I23","v":38.11},"EA",119,4522]
["D 브랜드","HGT","STRING (KSC-ST-008) + TIP (NA-T02)",null,"가격택",null,"D/NAVY",null,840,1,0.03,1.03,{"$f":"L24*I24","v":865.2},"EA",240,2107680]
["D 브랜드","HGT","STRING (KSC-ST-008) + TIP (NA-T02)",null,"택고리",null,"D/NAVY",null,840,1,0.03,1.03,{"$f":"L25*I25","v":865.2},"EA",151,1331820]
["D 브랜드","HGT","STRING (KSC-ST-008) + TIP (NA-T02)",null,"사이즈스티커",null,"D/NAVY",null,840,1,0.03,1.03,865.2,"EA",383,0]
["D 브랜드","HGT","STRING (KSC-ST-008) + TIP (NA-T02)",null,"합격증택",null,"D/NAVY",null,840,1,0.03,1.03,{"$f":"L27*I27","v":865.2},"EA",693,6085926]
["D 브랜드","HGT","STRING (KSC-ST-008) + TIP (NA-T02)",null,"핏 택",null,"D/NAVY",null,840,1,0.03,1.03,{"$f":"L28*I28","v":865.2},"EA",151,1326082]
["D 브랜드","HGT","STRING (KSC-ST-008) + TIP (NA-T02)",null,"기능택",null,"D/NAVY",null,840,1,0.03,1.03,865.2,"EA",309,2713638]
["D 브랜드","HGT","STRING (KSC-ST-008) + TIP (NA-T02)","43*60",null,null,"D/NAVY",null,840,1,0.03,1.05,{"$f":"L30*I30","v":882},"EA",null,{"$f":"#REF!*O30","v":{"$error":"#REF!"}}]
["D 브랜드",null,null,null,null,null,null,null,null,null,null,null,null,null,null,{"$f":"SUBTOTAL(9,P2:P30)","v":{"$error":"#REF!"}}]